Vista normal
Vista MARC
Entrada Topical Term
Número de registros utilizados en: 1
001 - CONTROL NUMBER
- control field: 12657
003 - CONTROL NUMBER IDENTIFIER
- control field: OSt
005 - DATE AND TIME OF LATEST TRANSACTION
- control field: 20210105100504.0
008 - FIXED-LENGTH DATA ELEMENTS
- fixed length control field: 210105|| aca||aabn | a|a d
040 ## - CATALOGING SOURCE
- Original cataloging agency: OSt
- Transcribing agency: OSt
150 ## - HEADING--TOPICAL TERM
- Topical term or geographic name entry element: Pequeña y mediana empresa
- General subdivision: investigaciones
- Geographic subdivision: Venezuela
670 ## - SOURCE DATA FOUND
- Source citation: Work cat.: (OSt)6195: Luna Pereira, Henry Orlando, autor 12655, Competitividad y generación de valor en la mediana empresa de la región de frontera colombo-venezolana /, 2013